Christianity among the Arabs in pre-Islamic times /

Saved in:
Bibliographic Details
Main Author: Trimingham, J. Spencer (John Spencer), 1904-
Format: Book
Language:English
Published: London ; New York : Longman, 1978.
Edition:1st ed.
Series:Arab background series
Subjects:
LEADER 01042nam a2200277 i 4500
001 c000235365
003 CARM
005 00000000000000.0
008 840229s1978 vp 0 eng d
019 1 |a 1251621  |z 41555787  |5 LACONCORD2021 
020 |a 0582780810 
035 |a (OCoLC)4193562  |5 LACONCORD2021 
082 0 4 |a 209/.56 
100 1 |a Trimingham, J. Spencer  |q (John Spencer),  |d 1904- 
245 1 0 |a Christianity among the Arabs in pre-Islamic times /  |c J. Spencer Trimingham. 
250 |a 1st ed. 
260 |a London ;  |a New York :  |b Longman,  |c 1978. 
300 |a 342p. 
440 0 |a Arab background series 
504 |a Bibliography: p.317-329. 
650 0 |a Arabs  |x Church history. 
650 0 |a Church history  |y Primitive and early church, ca. 30-600. 
651 0 |a Middle East  |x Church history. 
852 8 |b CARM  |h A2:AP17G0  |i B07445  |p 0331616  |f BK 
999 f f |i c4a9799b-4608-5cde-8986-dbb10603bd2a  |s ec490bce-6a32-5aa9-8b7a-f963e7414202 
952 f f |p Can circulate  |a CAVAL  |b CAVAL  |c CAVAL  |d CARM 1 Store  |e B07445  |f A2:AP17G0  |h Other scheme  |i book  |m 0331616